书目信息 |
| 题名: |
图解面诊消百病一学就会
|
|
| 作者: | 于雅婷 , 高海波 主编 | |
| 分册: | ||
| 出版信息: | 南京 江苏凤凰科学技术出版社 2019.06 |
|
| 页数: | 239页 | |
| 开本: | 23cm | |
| 丛书名: | 含章新实用 | |
| 单 册: | ||
| 中图分类: | R241.2-64 | |
| 科图分类: | ||
| 主题词: | 望诊 (中医)--wang zhen ( zhong yi )--图解 | |
| 电子资源: | ||
| ISBN: | 978-7-5713-0333-4 | |
| 000 | 01166nam 2200289 450 | |
| 001 | CAL 0120192822891 | |
| 005 | 20230217093113.0 | |
| 010 | @a978-7-5713-0333-4@dCNY49.80 | |
| 100 | @a20190805d2019 em y0chiy0120 ea | |
| 101 | 0 | @achi |
| 102 | @aCN@b320000 | |
| 105 | @aa z 000yy | |
| 106 | @ar | |
| 200 | 1 | @a图解面诊消百病一学就会@Atu jie mian zhen xiao bai bing yi xue jiu hui@f于雅婷, 高海波主编 |
| 210 | @a南京@c江苏凤凰科学技术出版社@d2019.06 | |
| 215 | @a239页@c彩图@d23cm | |
| 225 | 2 | @a含章新实用@Ahan zhang xin shi yong |
| 314 | @a于雅婷, 主任医师。高海波, 工学博士, 中医学博士后。 | |
| 330 | @a本书是关于面部疾病的自诊自疗书, 介绍了面部诊断法基础和实践, 让读者学习面诊知识, 掌握自我诊病的常识和实际操作手法, 对应病症, 采取恰当的诊疗措施, 从而有效地祛除病灶、预防疾病, 把握自己和家人的身体健康。 | |
| 410 | 0 | @12001 @a含章新实用 |
| 517 | 1 | @a面诊消百病一学就会@Amian zhen xiao bai bing yi xue jiu hui |
| 606 | 0 | @a望诊 (中医)@Awang zhen ( zhong yi )@j图解 |
| 690 | @aR241.2-64@v5 | |
| 701 | 0 | @a于雅婷@Ayu ya ting@4主编 |
| 701 | 0 | @a高海波@Agao hai bo@4主编 |
| 801 | 0 | @aCN@bBJXHZP@c20230228 |
| 905 | @b1385831-4@dR241.2-64@e648@f4 | |
| 图解面诊消百病一学就会/于雅婷, 高海波主编.-南京:江苏凤凰科学技术出版社,2019.06 |
| 239页:彩图;23cm.-(含章新实用) |
| ISBN 978-7-5713-0333-4:CNY49.80 |
| 本书是关于面部疾病的自诊自疗书, 介绍了面部诊断法基础和实践, 让读者学习面诊知识, 掌握自我诊病的常识和实际操作手法, 对应病症, 采取恰当的诊疗措施, 从而有效地祛除病灶、预防疾病, 把握自己和家人的身体健康。 |
| ● |
| 相关链接 |
|
|
|
|
正题名:图解面诊消百病一学就会
索取号:R241.2-64/648
 
预约/预借
| 序号 | 登录号 | 条形码 | 馆藏地/架位号 | 状态 | 备注 |
| 1 | 1385831 | 213858315 | 第二样本阅览室/ [索取号:R241.2-64/648] | 在馆 | |
| 2 | 1385832 | 213858324 | 第三借阅区/ [索取号:R241.2-64/648] | 在馆 | |
| 3 | 1385833 | 213858333 | 第三借阅区/ [索取号:R241.2-64/648] | 在馆 | |
| 4 | 1385834 | 213858342 | 第三借阅区/ [索取号:R241.2-64/648] | 在馆 |